000
00232nam a2200097Ia 4500
001
924416
005
20250826191521.0
008
250824s9999 xx 000 0 und d
245
0
_a
ANNA KARENİNA
_c
TOLSTOY
260
_b
ANONİM YAYINLARI
999
_c
924416
_d
924416